[Event "Dunajska Streda op"]
[Site "Dunajska Streda"]
[Date "1999.06.13"]
[Round "3"]
[White "Puskas, Miroslav"]
[Black "Rohackova, Veronika"]
[Result "1/2-1/2"]
[WhiteElo "2205"]
[BlackElo "1952"]
[PlyCount "39"]
[EventDate "1999.06.12"]
[EventType "swiss"]
[EventRounds "9"]
[EventCountry "SVK"]
[SourceTitle "EXT 2006"]
[Source "ChessBase"]
[SourceDate "2005.11.24"]
[SourceVersion "1"]
[SourceVersionDate "2005.11.24"]
[SourceQuality "1"]

1. e4 e6 2. d4 d5 3. Nd2 Nf6 4. e5 Nfd7 5. f4 c5 6. c3 Nc6 7. Ngf3 cxd4 8. cxd4 Qb6 9. Nb3 a5 10. a4 Bb4+ 11. Kf2 0-0 12. Be3 f5 13. Rc1 Ndb8 14. Bb5 Na7 15. Qe2 Nxb5 16. Qxb5 Qxb5 17. axb5 b6 18. Rc7 Bd7 19. Rb7 Bxb5 20. Rxb6 1/2-1/2

[Event "SVK-chT2W 9900"]
[Site "Slovakia"]
[Date "1999.??.??"]
[Round "6.5"]
[White "Kleman, Miroslav"]
[Black "Puskas, Miroslav"]
[Result "1-0"]
[WhiteElo "2078"]
[BlackElo "2162"]
[PlyCount "95"]
[EventDate "1999.11.06"]
[EventType "team"]
[EventRounds "9"]
[EventCountry "SVK"]
[SourceTitle "EXT 2005"]
[Source "ChessBase"]
[SourceDate "2004.11.15"]
[SourceVersion "1"]
[SourceVersionDate "2004.11.15"]
[SourceQuality "1"]

1. b3 e5 2. Bb2 Nc6 3. c4 Nf6 4. Nc3 d5 5. cxd5 Nxd5 6. g3 Nxc3 7. dxc3 Be6 8. Qc2 Bd6 9. Bg2 Qe7 10. Nf3 a5 11. 0-0 0-0 12. Nd2 f5 13. a3 e4 14. b4 Qf7 15. Rac1 Bc4 16. Nxc4 Qxc4 17. Rfd1 Rae8 18. Qd2 Qf7 19. Qd5 axb4 20. cxb4 Be5 21. Bxe5 Rxe5 22. Qxf7+ Rxf7 23. Rc4 g5 24. a4 Kg7 25. g4 e3 26. Bxc6 exf2+ 27. Kxf2 bxc6 28. gxf5 Rexf5+ 29. Kg1 Re5 30. e4 Rfe7 31. Re1 R7e6 32. Kf2 Rf6+ 33. Ke3 Rh6 34. Re2 Ree6 35. Rc5 Rh3+ 36. Kd4 h6 37. Rc3 Rd6+ 38. Kc4 Rxc3+ 39. Kxc3 Re6 40. a5 c5 41. b5 Re8 42. Kc4 Ra8 43. Ra2 Kf6 44. Kxc5 Ke5 45. Kc6 Ra7 46. a6 g4 47. Rd2 Kxe4 48. Rd7 1-0

[Event "SVK-chT2A 9899"]
[Site "Slovakia"]
[Date "1998.11.15"]
[Round "4"]
[White "Puskas, Miroslav"]
[Black "Horak, Ivan"]
[Result "0-1"]
[WhiteElo "2210"]
[BlackElo "2095"]
[PlyCount "78"]
[EventDate "1998.??.??"]
[EventType "team"]
[EventRounds "9"]
[EventCountry "SVK"]
[SourceTitle "EXT 2000"]
[Source "ChessBase"]
[SourceDate "1999.11.16"]
[SourceVersion "1"]
[SourceVersionDate "1999.11.16"]
[SourceQuality "1"]

1. e4 c6 2. d4 d5 3. Nc3 dxe4 4. Nxe4 Nd7 5. Nf3 Ngf6 6. Ng3 e6 7. Bd3 c5 8. 0-0 cxd4 9. Nxd4 Bc5 10. Be3 0-0 11. Qe2 Qb6 12. c3 a5 13. a4 Nd5 14. Ne4 Nxe3 15. fxe3 Be7 16. Rf2 Nc5 17. Nxc5 Qxc5 18. Raf1 Bd7 19. Bb5 Rad8 20. Rf3 Bxb5 21. Qxb5 Qxb5 22. axb5 g6 23. Ra1 e5 24. Nb3 b6 25. e4 Rd7 26. Kf1 Rfd8 27. Ke2 f6 28. Rff1 Kf7 29. Rfd1 Ke6 30. Rxd7 Rxd7 31. g4 f5 32. gxf5+ gxf5 33. exf5+ Kxf5 34. Ra4 Bg5 35. c4 Bf4 36. h3 Rg7 37. Ra2 Rg2+ 38. Kd3 e4+ 39. Kd4 Rg3 0-1

[Event "SVK-chT2A 9899"]
[Site "Slovakia"]
[Date "1998.11.14"]
[Round "3"]
[White "Bisco, Igor"]
[Black "Puskas, Miroslav"]
[Result "1-0"]
[WhiteElo "2125"]
[BlackElo "2210"]
[PlyCount "61"]
[EventDate "1998.??.??"]
[EventType "team"]
[EventRounds "9"]
[EventCountry "SVK"]
[SourceTitle "EXT 2000"]
[Source "ChessBase"]
[SourceDate "1999.11.16"]
[SourceVersion "1"]
[SourceVersionDate "1999.11.16"]
[SourceQuality "1"]

1. e4 c5 2. Nf3 Nc6 3. d4 cxd4 4. Nxd4 d6 5. Nc3 Nf6 6. Bc4 e6 7. Bb3 Be7 8. Be3 0-0 9. Qe2 a6 10. 0-0-0 Qc7 11. g4 Nxd4 12. Rxd4 b5 13. g5 Nd7 14. h4 Nc5 15. h5 Nxb3+ 16. axb3 Bb7 17. g6 fxg6 18. hxg6 h6 19. Qg4 Rf6 20. Rd2 b4 21. Ne2 Bf8 22. Ng3 Qe7 23. Nh5 Rf5 24. exf5 Bxh1 25. f6 gxf6 26. g7 Bxg7 27. Rd1 f5 28. Qg3 Be4 29. Rg1 Rc8 30. Nxg7 Kf8 31. Nxf5 1-0